[Event "Prva liga Centralne Srbije 2010"]
[Site "Valjevo"]
[Date "2010.09.25"]
[Round "10.6"]
[White "Vuckovic, Branko"]
[Black "Bojovic, Dusan"]
[Result "0-1"]
[WhiteElo "2243"]
[BlackElo "2342"]
[PlyCount "90"]
[EventDate "2010.09.18"]

1. e4 c5 2. d4 cxd4 3. c3 dxc3 4. Nxc3 e6 5. Nf3 Nc6 6. Bc4 a6 7. a4 Qc7 8. O-O
Nge7 9. Be3 Ng6 10. Qe2 Be7 11. Rac1 O-O 12. g3 Qa5 13. Kg2 f5 14. Bd2 fxe4 15.
Qxe4 Qf5 16. Qxf5 Rxf5 17. Ba2 b5 18. axb5 axb5 19. Bb1 b4 20. Bxf5 bxc3 21.
Bxg6 cxd2 22. Rxc6 dxc6 23. Bd3 Bb7 24. Rd1 c5 25. Rxd2 Rd8 26. Rd1 Bf6 27. b3
Bd5 28. Be2 Bxb3 29. Rxd8+ Bxd8 30. Nd2 Bd5+ 31. f3 Bf6 32. Nc4 Bd4 33. Kf1 g5
34. Ke1 Kg7 35. h3 h5 36. g4 h4 37. Kd2 Kf6 38. Ke1 Bxc4 39. Bxc4 Ke5 40. Ke2
Kf4 41. Bxe6 Kg3 42. Bd5 Be5 43. Kf1 Kxh3 44. Kg1 Kg3 45. Kh1 Kf2 0-1

[Event "Prva liga Centralne Srbije 2010"]
[Site "Valjevo"]
[Date "2010.09.25"]
[Round "10.6"]
[White "Toth, Aleksandar"]
[Black "Dragicevic, Dragan"]
[Result "1-0"]
[WhiteElo "2296"]
[BlackElo "2212"]
[PlyCount "83"]
[EventDate "2010.09.18"]

1. e4 e6 2. d3 d5 3. Nd2 Nf6 4. Ngf3 Nc6 5. g3 dxe4 6. dxe4 Bc5 7. Bg2 e5 8.
O-O O-O 9. c3 a5 10. Qc2 Be6 11. Ng5 Bd7 12. Nc4 Qe7 13. Ne3 Bxe3 14. Bxe3 Ng4
15. Bd2 Rfd8 16. h3 Nf6 17. Be3 h6 18. Nf3 Be6 19. a4 Bc4 20. Rfd1 Qe6 21. Rd2
Bb3 22. Qb1 Nd7 23. Ra3 Nb6 24. Bf1 Nc4 25. Rxb3 Nxd2 26. Nxd2 Rxd2 27. Rxb7
Rd7 28. h4 Rad8 29. Qc2 Rd1 30. Kg2 Ra1 31. Be2 Qa2 32. Rxc7 Rd6 33. Bc5 Rf6
34. Bb5 Rb1 35. Rxc6 Rxb2 36. Qd1 Rfxf2+ 37. Bxf2 Rxf2+ 38. Kh3 Rh2+ 39. Kg4
Qf2 40. h5 g6 41. Rxg6+ fxg6 42. Bc4+ 1-0

[Event "Prva liga Centralne Srbije 2010"]
[Site "Valjevo"]
[Date "2010.09.25"]
[Round "10.6"]
[White "Djokic, Sinisa"]
[Black "Kolarevic, Darko"]
[Result "1-0"]
[WhiteElo "2165"]
[BlackElo "2188"]
[PlyCount "105"]
[EventDate "2010.09.18"]

1. d4 Nf6 2. c4 g6 3. Nc3 Bg7 4. e4 d6 5. f4 O-O 6. Nf3 Na6 7. Be2 e5 8. O-O
exd4 9. Nxd4 Re8 10. Bf3 Nc5 11. Re1 a5 12. Ndb5 Be6 13. e5 dxe5 14. Qxd8 Rexd8
15. fxe5 Nfd7 16. Nxc7 Rac8 17. Bg5 Rf8 18. N3d5 Nd3 19. Ne7+ Kh8 20. Nxc8 Nxe1
21. Rxe1 Rxc8 22. Nxe6 fxe6 23. b3 b6 24. Bf4 Rc5 25. Rd1 Bxe5 26. Bh6 Rc7 27.
Bg4 Bg7 28. Bg5 Nf8 29. Rd8 Rd7 30. Re8 Bd4+ 31. Kf1 Kg7 32. Bxe6 Nxe6 33. Rxe6
Rf7+ 34. Ke2 Rf2+ 35. Kd3 Bc5 36. Re2 Rf5 37. Bd2 Rh5 38. h3 Rf5 39. Bc3+ Kf7
40. Bd4 h5 41. Ke4 Ke6 42. g4 hxg4 43. hxg4 Rf1 44. Bxc5 bxc5 45. Rd2 a4 46.
bxa4 Rc1 47. Kd3 Ke5 48. a5 Kf4 49. Rg2 Kf3 50. Rd2 Kxg4 51. a6 Rh1 52. Ke4 Rh8
53. Rg2+ 1-0